| 000 | 00956nam a2200265Ia 4500 | ||
|---|---|---|---|
| 003 | OSt | ||
| 005 | 20221005105737.0 | ||
| 006 | a|||||r|||| 00| 0 | ||
| 007 | ta | ||
| 008 | 221004b |||||||| |||| 00| 0 san d | ||
| 020 |
_a97893859811883 (hbk) _cINR 500.00 |
||
| 024 | _a41329 | ||
| 037 |
_b928/19, 29/01/2019, Literacy House _cTextual |
||
| 040 |
_aCRL _cCRL _bsan |
||
| 041 |
_2san _asan |
||
| 082 | _aO15,1D40,1, 152Q8 | ||
| 100 | _aकालिदास, ले. | ||
| 245 | 0 | _aरघुवंशमहाकाव्यम् | |
| 246 | _aRaghuvanshamahākāvyam | ||
| 260 |
_aनई दिल्ली _bसत्यम् पब्लिशिंग हाउस भारत _c2018 |
||
| 300 |
_a137पृ0 _ccm. |
||
| 650 | _aसंस्कृत साहित्य | ||
| 942 |
_hO15,1D40,1, 152Q8 _cTEXL _2cc |
||
| 999 |
_c1016771 _d1016771 |
||